[Event "Mondiale Semilampo 2016"]
[Site "Doha QAT"]
[Date "2016.12.26"]
[Round "5.33"]
[White "Darini, Pouria"]
[Black "Mamedov, Rauf"]
[Result "0-1"]
[WhiteTitle "GM"]
[BlackTitle "GM"]
[WhiteElo "2511"]
[BlackElo "2688"]
[WhiteFideId "12502200"]
[BlackFideId "13401653"]
[EventDate "2016.12.26"]

1. d4 g6 2. e4 Bg7 3. Nc3 a6 4. Be3 d6 5. Qd2 Nd7 6. Nf3 b5 7. a4 b4 8. Ne2 Ngf6
9. Ng3 Ng4 10. Bf4 e5 11. Bg5 f6 12. Be3 Nxe3 13. Qxe3 O-O 14. Bc4+ Kh8 15. O-O
Nb6 16. Bb3 a5 17. Rfd1 Qe7 18. h4 h5 19. dxe5 dxe5 20. Nd2 Bg4 21. f3 Be6 22.
Bxe6 Qxe6 23. Ngf1 Rfd8 24. Qb3 Qe7 25. Ne3 Qc5 26. Nf1 Bh6 27. Kf2 Kg7 28. Ke2
Rab8 29. Rd3 Rd4 30. Rad1 Rbd8 31. c3 Rxd3 32. Rxd3 Rxd3 33. Kxd3 Qd6+ 34. Ke2
bxc3 35. bxc3 Qc6 36. Qa3 Nxa4 37. Qe7+ Kg8 38. c4 Bf8 39. Qd8 Kf7 40. Nd2 Qd6
41. Qc8 Nc3+ 42. Ke1 Qd3 43. Qxc7+ Kg8 0-1

[Event "Mondiale Semilampo 2016"]
[Site "Doha QAT"]
[Date "2016.12.26"]
[Round "5.34"]
[White "Malakhov, Vladimir"]
[Black "Mchedlishvili, Mikheil"]
[Result "1-0"]
[WhiteTitle "GM"]
[BlackTitle "GM"]
[WhiteElo "2713"]
[BlackElo "2601"]
[WhiteFideId "4120787"]
[BlackFideId "13600966"]
[EventDate "2016.12.26"]

1. Nf3 g6 2. e4 d6 3. d4 Nf6 4. Nc3 Bg7 5. Be2 O-O 6. O-O a6 7. Re1 Nc6 8. d5
Na7 9. h3 e5 10. a4 Bd7 11. Be3 Nc8 12. Nd2 Kh8 13. Nc4 Rb8 14. Na5 Ng8 15. Qd2
Nb6 16. Ra3 f5 17. Rb3 f4 18. Bxb6 cxb6 19. Nc4 f3 20. Bxf3 Rxf3 21. gxf3 Bxh3
22. Ne2 Bh6 23. f4 Bg4 24. Qb4 Bxe2 25. Rxe2 Bxf4 26. Rh3 Qd7 27. Rh1 Rd8 28.
Qxb6 Nf6 29. f3 Nh5 30. Rg2 Qe7 31. Rg4 Nf6 32. Rxg6 Qf8 33. Qxb7 Rd7 34. Qb6
Ne8 35. Qb8 Qe7 36. Re6 1-0

[Event "Mondiale Semilampo 2016"]
[Site "Doha QAT"]
[Date "2016.12.26"]
[Round "5.36"]
[White "Leko, Peter"]
[Black "Ghaem Maghami, Ehsan"]
[Result "1/2-1/2"]
[WhiteTitle "GM"]
[BlackTitle "GM"]
[WhiteElo "2693"]
[BlackElo "2574"]
[WhiteFideId "703303"]
[BlackFideId "12500739"]
[EventDate "2016.12.26"]

1. e4 c6 2. d4 d5 3. e5 Bf5 4. Nf3 e6 5. Be2 Nd7 6. O-O Rc8 7. Nbd2 Ne7 8. Nb3
h6 9. a4 g5 10. a5 Bg7 11. c3 O-O 12. h4 g4 13. Ne1 h5 14. f3 f6 15. fxg4 hxg4
16. exf6 Nxf6 17. Nd3 Ng6 18. Bg5 Qd6 19. Bxf6 Rxf6 20. Bxg4 Nxh4 21. Ne5 Be4
22. Rxf6 Bxf6 23. Bh3 Rc7 24. Qh5 Rg7 25. Ng4 Bg5 26. Rf1 Qg3 27. Qe8+ Kh7 28.
Qh5+ Kg8 29. Qe8+ Kh7 1/2-1/2

[Event "Mondiale Semilampo 2016"]
[Site "Doha QAT"]
[Date "2016.12.26"]
[Round "5.37"]
[White "Najer, Evgeniy"]
[Black "Kozul, Zdenko"]
[Result "0-1"]
[WhiteTitle "GM"]
[BlackTitle "GM"]
[WhiteElo "2679"]
[BlackElo "2613"]
[WhiteFideId "4118987"]
[BlackFideId "14502879"]
[EventDate "2016.12.26"]

1. e4 c5 2. Nf3 d6 3. d4 cxd4 4. Nxd4 Nf6 5. Nc3 Nc6 6. Bg5 e6 7. Qd2 a6 8.
O-O-O Bd7 9. f3 b5 10. Kb1 Be7 11. h4 h6 12. Be3 h5 13. Bg5 Rc8 14. Nxc6 Bxc6
15. Ne2 Qc7 16. Nd4 Bb7 17. Bd3 O-O 18. Ne2 d5 19. e5 Ne4 20. fxe4 dxe4 21. Bxe7
exd3 22. cxd3 Qxe7 23. Ng3 g6 24. Qh6 Rfd8 25. Qe3 Qc5 26. d4 Qc2+ 27. Ka1 Bd5
28. Ne2 Qe4 29. Qxe4 Bxe4 30. Rd2 Bxg2 31. Rg1 Bf3 32. Ng3 Rc4 33. Rf2 Rcxd4 34.
b3 Rd1+ 35. Rxd1 Rxd1+ 36. Kb2 Bd5 0-1

[Event "Mondiale Semilampo 2016"]
[Site "Doha QAT"]
[Date "2016.12.26"]
[Round "5.38"]
[White "Mareco, Sandro"]
[Black "Halkias, Stelios"]
[Result "0-1"]
[WhiteTitle "GM"]
[BlackTitle "GM"]
[WhiteElo "2635"]
[BlackElo "2585"]
[WhiteFideId "112275"]
[BlackFideId "4201809"]
[EventDate "2016.12.26"]

1. Nf3 c5 2. c4 Nc6 3. d4 cxd4 4. Nxd4 Nf6 5. Nc3 e6 6. a3 Bc5 7. Nb3 Be7 8. e4
d6 9. Be2 O-O 10. O-O b6 11. Bf4 Bb7 12. Re1 Ne5 13. Nd2 Rc8 14. Bf1 Qc7 15. Rc1
Qb8 16. h3 Nfd7 17. b4 g5 18. Be3 Kh8 19. f3 Ng6 20. Nb3 Nde5 21. Nb5 Rcd8 22.
Kh1 Rg8 23. Bd4 h5 24. Qd2 Kh7 25. a4 Rd7 26. a5 Qf8 27. axb6 g4 28. f4 gxh3 29.
Bxe5 Nh4 30. g3 Rxg3 31. Rc3 dxe5 32. Qxd7 Qg7 33. Rxg3 Qxg3 34. Qxe7 Qf3+ 35.
Kg1 Qg3+ 36. Kh1 Qf3+ 37. Kg1 Qg3+ 38. Kh1 Qf3+ 39. Kg1 h2+ 40. Kxh2 Qxf4+ 41.
Kh1 Bxe4+ 42. Rxe4 Qxf1+ 0-1

[Event "Mondiale Semilampo 2016"]
[Site "Doha QAT"]
[Date "2016.12.26"]
[Round "5.39"]
[White "Banikas, Hristos"]
[Black "Salinas Herrera, Pablo"]
[Result "1/2-1/2"]
[WhiteTitle "GM"]
[BlackTitle "IM"]
[WhiteElo "2568"]
[BlackElo "2466"]
[WhiteFideId "4202031"]
[BlackFideId "3407128"]
[EventDate "2016.12.26"]

1. Nf3 d5 2. d4 Nf6 3. c4 c6 4. e3 Bg4 5. h3 Bh5 6. cxd5 cxd5 7. Qa4+ Nfd7 8.
Ne5 e6 9. g4 Bg6 10. Nxg6 hxg6 11. Qb3 Qc7 12. Bd2 Nc6 13. Na3 a6 14. Rc1 Be7
15. Bg2 O-O 16. O-O Rfc8 17. e4 dxe4 18. Bxe4 Nf6 19. Bxc6 bxc6 20. Nc4 Nd5 21.
Qf3 Bf6 22. Qe4 g5 23. Ne5 Qb7 24. Rc2 a5 25. Rfc1 Ra6 26. Nd3 Raa8 27. Nc5 Qa7
28. b3 Rd8 29. Nd3 Ne7 30. Be3 Rd5 31. Ne5 Rad8 32. Rxc6 Bxe5 33. dxe5 Qb8 34.
R6c5 Rxc5 35. Rxc5 Rd1+ 36. Kg2 Rd5 37. Rxd5 Nxd5 38. Bd2 Qa8 39. Kg1 Qc6 40.
Qc4 Qb6 41. Bxg5 Qb7 42. Bd2 Qb6 43. a4 Kh7 44. Kf1 Kg8 45. Ke2 Qb8 46. f4 Qd8
47. Qd3 Qb6 48. Kf1 Qc7 49. Qc4 Qa7 50. Qd3 Qc5 51. f5 Qc7 52. fxe6 fxe6 53. Qg6
Qc6 54. Qe4 Qb7 55. Qc4 Qf7+ 56. Ke2 Qa7 57. Qe4 Qg1 58. Bxa5 Qh2+ 59. Kd1 Qxh3
60. Kc2 Ne3+ 61. Kb2 Qh2+ 62. Kc1 Qg1+ 63. Kd2 Nxg4 64. Bc3 Nf2 65. Qa8+ Kh7 66.
Qf3 Qh2 67. Kc1 Qg1+ 68. Kb2 Qf1 69. Ka2 Qc1 70. Qxf2 Qxc3 71. Qb2 Qb4 72. Qg2
Kg8 73. Qc6 Qg4 74. a5 Qe2+ 75. Ka3 Qxe5 76. Ka4 g5 77. a6 Qd4+ 78. b4 Kf7 79.
Qb7+ Kg6 80. a7 Qa1+ 81. Kb5 Qf1+ 82. Kb6 Qf2+ 83. Ka6 Qa2+ 84. Kb5 Qe2+ 85. Kc6
Qf3+ 86. Kc7 Qf4+ 87. Kc8 Qf8+ 88. Kd7 Qf7+ 89. Kc6 Qf3+ 90. Kb6 Qf2+ 91. Kb5
Qe2+ 92. Kc5 Qe5+ 93. Kc4 Qe2+ 94. Kd4 Qb2+ 95. Ke3 Qc3+ 96. Ke4 Qe1+ 97. Kd3
Qf1+ 98. Kc2 Qe2+ 99. Kc3 Qe1+ 100. Kb2 Qd2+ 101. Kb3 Qd3+ 102. Ka4 Qc2+ 103.
Kb5 Qd3+ 104. Kc5 Qe3+ 105. Kd6 Qf4+ 106. Kxe6 Qf6+ 107. Kd7 Qf7+ 108. Kc6 Qf3+
109. Kb6 Qf2+ 110. Kb5 Qe2+ 111. Kc5 Qe3+ 112. Kc4 Qe2+ 113. Kc3 Qe3+ 114. Kb2
Qd2+ 115. Ka3 Qc3+ 116. Ka2 Qc2+ 117. Ka3 Qc3+ 118. Ka4 Qc2+ 119. Ka5 Qa2+ 120.
Kb6 Qf2+ 121. Kc7 Qf4+ 122. Kc8 Qf8+ 123. Kd7 Qf7+ 124. Kc6 Qf3+ 125. Kb6 Qf2+
126. Kb5 Qe2+ 127. Kc5 Qf2+ 128. Kc4 Qe2+ 129. Kd4 Qd2+ 130. Ke5 Qf4+ 131. Ke6
Qf6+ 132. Kd7 Qf7+ 1/2-1/2

[Event "Mondiale Semilampo 2016"]
[Site "Doha QAT"]
[Date "2016.12.26"]
[Round "5.40"]
[White "Bosiocic, Marin"]
[Black "Henriquez Villagra, Cristobal"]
[Result "0-1"]
[WhiteTitle "GM"]
[BlackTitle "IM"]
[WhiteElo "2591"]
[BlackElo "2517"]
[WhiteFideId "14507927"]
[BlackFideId "3409350"]
[EventDate "2016.12.26"]

1. d4 d5 2. Nf3 Nf6 3. c4 c6 4. Nc3 e6 5. Bg5 dxc4 6. a4 Bb4 7. Qc2 Qa5 8. Bxf6
gxf6 9. e3 b5 10. Be2 Bb7 11. O-O Qb6 12. Ne4 Nd7 13. a5 Qc7 14. a6 Bc8 15. b3
f5 16. Nc3 cxb3 17. Nxb5 Qb6 18. Qxb3 Be7 19. d5 cxb5 20. dxe6 fxe6 21. Nd4 Nc5
22. Bh5+ Kf8 23. Qc3 Rg8 24. Bf3 Ne4 25. Qb3 Nd2 26. Qd1 Ne4 27. Bxe4 fxe4 28.
Qh5 Rg7 29. Rac1 Bd7 30. Qe5 Qd6 31. Qxe4 Qd5 32. Qxd5 exd5 33. Rfd1 b4 34. Rc7
Bd8 35. Rc5 Bh3 36. g3 Rc8 37. Rxd5 Bf6 38. f3 Rd7 39. Rb5 Bxd4 40. exd4 Rc2 41.
Rxb4 Rg2+ 42. Kh1 Rf2 43. Rb8+ Kf7 44. Rb7 Rxb7 45. axb7 Rb2 46. Kg1 Bd7 47. Ra1
Rxb7 48. Kf2 Bb5 49. Ke3 Ke6 50. g4 Kd5 51. h4 Re7+ 52. Kf4 Kxd4 53. Kg5 a6 54.
Kf6 Rc7 55. f4 Ke4 56. f5 Kf4 57. g5 Rc6+ 58. Kg7 Kxf5 59. Kxh7 Kg4 60. g6 Kh5
61. Ra5 Rxg6 0-1

[Event "Mondiale Semilampo 2016"]
[Site "Doha QAT"]
[Date "2016.12.26"]
[Round "5.41"]
[White "Lu, Shanglei"]
[Black "Gholami, Aryan"]
[Result "1-0"]
[WhiteTitle "GM"]
[BlackTitle "IM"]
[WhiteElo "2627"]
[BlackElo "2422"]
[WhiteFideId "8603332"]
[BlackFideId "12513342"]
[EventDate "2016.12.26"]

1. e4 c5 2. Nf3 g6 3. c3 d5 4. exd5 Qxd5 5. d4 Bg7 6. Be3 Nf6 7. dxc5 Qxd1+ 8.
Kxd1 Ng4 9. Nbd2 O-O 10. Kc2 Nxe3+ 11. fxe3 Nd7 12. Nb3 Nf6 13. Re1 Ne4 14. Nfd4
e5 15. Nb5 Rd8 16. Bc4 Bf5 17. Kc1 Nf2 18. Nd6 Rxd6 19. cxd6 Nxh1 20. e4 Bxe4
21. Rxe4 Nf2 22. Re2 Ng4 23. Na5 Bh6+ 24. Kb1 Ne3 25. Bd3 Rb8 26. Be4 f5 27.
Bxb7 Rd8 28. Rd2 Nf1 29. Rd5 Ne3 30. Nc6 Nxd5 31. Nxd8 Nb6 32. c4 Be3 33. b4 Kf8
34. c5 Nd7 35. c6 Ke8 36. c7 Nb6 37. Bc6+ Kf8 38. d7 1-0

[Event "Mondiale Semilampo 2016"]
[Site "Doha QAT"]
[Date "2016.12.26"]
[Round "5.42"]
[White "Aleksandrov, Aleksej"]
[Black "Flores, Diego"]
[Result "1-0"]
[WhiteTitle "GM"]
[BlackTitle "GM"]
[WhiteElo "2574"]
[BlackElo "2579"]
[WhiteFideId "13500139"]
[BlackFideId "108049"]
[EventDate "2016.12.26"]

1. d4 Nf6 2. c4 e6 3. Nc3 c5 4. d5 exd5 5. cxd5 d6 6. Nf3 g6 7. Bf4 Bg7 8. Qa4+
Bd7 9. Qb3 b5 10. e3 c4 11. Qa3 O-O 12. Nd4 Re8 13. Be2 Qb6 14. Qxd6 b4 15. Nd1
Qxd6 16. Bxd6 Nxd5 17. Bxc4 Nb6 18. Be2 a5 19. Rc1 Bxd4 20. exd4 Nc6 21. Bc5 Na4
22. b3 Nxc5 23. dxc5 Rac8 24. Ne3 Re5 25. Ba6 Rc7 26. O-O Nb8 27. Bc4 Kg7 28.
Bd5 Bc6 29. Rfd1 Na6 30. h4 Bxd5 31. Rxd5 Rxd5 32. Nxd5 Rxc5 33. Rxc5 Nxc5 34.
Kf1 f5 35. Ke2 Kf7 36. Ke3 Ke6 37. Kd4 Ne4 38. f3 Ng3 39. Nf4+ Kd6 40. Kc4 Kc6
41. Ne6 Nh5 42. Nd4+ Kb6 43. Ne2 Nf6 44. Kd4 Nd7 45. Kd5 Nc5 46. g4 fxg4 47.
fxg4 a4 48. Kc4 axb3 49. axb3 Nd7 50. Kd4 Kb5 51. g5 Nc5 52. Nc1 Ne6+ 53. Ke5
Ng7 54. Ne2 Nh5 55. Ke6 Kc5 56. Kf7 Kd6 57. Kg8 Ke7 58. Nd4 Nf4 59. Nc6+ Ke6 60.
Kxh7 Ng2 61. h5 Nf4 62. hxg6 Nh3 63. g7 1-0

[Event "Mondiale Semilampo 2016"]
[Site "Doha QAT"]
[Date "2016.12.26"]
[Round "5.43"]
[White "Atabayev, Maksat"]
[Black "Jumabayev, Rinat"]
[Result "1/2-1/2"]
[WhiteTitle "GM"]
[BlackTitle "GM"]
[WhiteElo "2492"]
[BlackElo "2611"]
[WhiteFideId "14001101"]
[BlackFideId "13702661"]
[EventDate "2016.12.26"]

1. Nf3 c5 2. b3 d5 3. e3 a6 4. Bb2 Nc6 5. d4 Nf6 6. Be2 Bg4 7. dxc5 e6 8. O-O
Bxc5 9. Nbd2 O-O 10. c4 dxc4 11. Nxc4 Qe7 12. Nfd2 Bf5 13. Bf3 Bd3 14. Bxf6 gxf6
15. Re1 Nb4 16. Nb2 Bg6 17. Ne4 Rfd8 18. Qe2 Ba7 19. a3 Nd5 20. b4 f5 21. Nc5
Bxc5 22. bxc5 Qxc5 23. Nd3 Qe7 24. Qb2 Rac8 25. Rac1 Rxc1 26. Rxc1 Nxe3 27. fxe3
Rxd3 28. Rc8+ Rd8 29. Qxb7 Qd6 30. Rxd8+ Qxd8 31. Qxa6 Qd2 32. Qe2 Qc1+ 33. Kf2
Qxa3 34. h4 f6 35. Qd2 Qe7 36. Qc3 Kg7 37. g3 Qd8 38. Qd4 Qxd4 39. exd4 Kf8 40.
Ke3 Ke7 41. h5 Be8 42. h6 e5 43. Bd1 Bf7 44. Bc2 Be6 45. Bd1 Bf7 46. Bc2 Bg6 47.
Bb3 Kd6 48. Bg8 Kc6 49. Be6 Kd6 50. Bg8 Ke7 51. Bb3 Bf7 52. Bc2 Be6 53. Bd1 Ba2
54. Bc2 Ke6 55. g4 exd4+ 56. Kxd4 fxg4 57. Bxh7 Kf7 58. Bf5 g3 59. Ke3 Bd5 60.
Ke2 Bg2 61. Ke1 Kg8 62. Ke2 Kh8 63. Ke1 Bf3 64. Kf1 Bd5 65. Kg1 Bf3 66. Kf1 1/2-1/2

[Event "Mondiale Semilampo 2016"]
[Site "Doha QAT"]
[Date "2016.12.26"]
[Round "5.44"]
[White "Moiseenko, Alexander"]
[Black "Tissir, Mohamed"]
[Result "1-0"]
[WhiteTitle "GM"]
[BlackTitle "IM"]
[WhiteElo "2657"]
[BlackElo "2376"]
[WhiteFideId "14102560"]
[BlackFideId "9000240"]
[EventDate "2016.12.26"]

1. d4 e6 2. Nf3 c5 3. g3 Nf6 4. Bg2 Nc6 5. c4 cxd4 6. Nxd4 Be7 7. O-O O-O 8. Nc3
a6 9. b3 Qc7 10. Bb2 d6 11. Rc1 Ne5 12. e3 Rb8 13. f4 Ned7 14. g4 g6 15. g5 Nh5
16. Bf3 Ng7 17. h4 Nb6 18. h5 e5 19. h6 Nf5 20. Nxf5 Bxf5 21. Qd2 f6 22. Nd5
Nxd5 23. Bxd5+ Kh8 24. c5 dxc5 25. e4 Bh3 26. fxe5 Bxf1 27. exf6 Qg3+ 28. Kxf1
Bd6 29. Rc3 Qg4 30. Rd3 Rbe8 31. Qg2 Qf4+ 32. Rf3 Qh4 1-0

[Event "Mondiale Semilampo 2016"]
[Site "Doha QAT"]
[Date "2016.12.26"]
[Round "5.45"]
[White "Perez Ponsa, Federico"]
[Black "Hirneise, Tobias"]
[Result "1-0"]
[WhiteTitle "GM"]
[BlackTitle "IM"]
[WhiteElo "2585"]
[BlackElo "2466"]
[WhiteFideId "117927"]
[BlackFideId "24600881"]
[EventDate "2016.12.26"]

1. e4 e5 2. Nf3 Nc6 3. Bb5 a6 4. Ba4 Nf6 5. O-O Be7 6. d3 b5 7. Bb3 d6 8. a3 O-O
9. Nc3 Rb8 10. h3 Na5 11. Ba2 c5 12. b4 cxb4 13. axb4 Nc6 14. Rb1 a5 15. Ba3 Be6
16. Nd5 axb4 17. Bxb4 Bxd5 18. Bxd5 Nxb4 19. Rxb4 Nxd5 20. exd5 Qc7 21. Qb1 Rfc8
22. Rc1 Qc5 23. c4 Bd8 24. Rf1 Ba5 25. Rxb5 Rxb5 26. Qxb5 Qxb5 27. cxb5 Rc5 28.
Rb1 Bb6 29. Nd2 Rc7 30. Ne4 Rd7 31. Rc1 f5 32. Ng5 Bc5 33. Ne6 Kf7 34. g4 fxg4
35. hxg4 Ke7 36. Nxg7 Rb7 37. Rb1 Bb6 38. Nf5+ Kd7 39. Kg2 Bc5 40. Ng3 Kc7 41.
Ne4 Kb6 42. Ra1 Bb4 43. Ra6+ Kxb5 44. Rxd6 1-0

[Event "Mondiale Semilampo 2016"]
[Site "Doha QAT"]
[Date "2016.12.26"]
[Round "5.46"]
[White "Lalith, Babu M R"]
[Black "Belyakov, Bogdan"]
[Result "0-1"]
[WhiteTitle "GM"]
[BlackTitle "IM"]
[WhiteElo "2587"]
[BlackElo "2487"]
[WhiteFideId "5024595"]
[BlackFideId "24104795"]
[EventDate "2016.12.26"]

1. Nf3 Nf6 2. c4 g6 3. Nc3 Bg7 4. e4 d6 5. d4 O-O 6. h3 e5 7. d5 a5 8. Bg5 Na6
9. Be2 Qe8 10. Nd2 Nd7 11. g4 Ndc5 12. a3 Bd7 13. Rg1 Kh8 14. Qb1 a4 15. Qc2 f5
16. exf5 gxf5 17. O-O-O e4 18. Kb1 Nb3 19. Nxb3 axb3 20. Qxb3 Nc5 21. Qc2 f4 22.
f3 Qe5 23. Bh4 Ba4 24. Qc1 Nb3 25. Qc2 Nd4 26. Qd2 Bc2+ 27. Ka2 Bb3+ 28. Kb1
Nxe2 29. Qxe2 Rxa3 30. Qxe4 Qxc3 31. bxc3 Bxc3 32. Bf6+ Rxf6 33. Qe8+ Kg7 34.
Qe7+ Kg8 35. Qd8+ Rf8 0-1

[Event "Mondiale Semilampo 2016"]
[Site "Doha QAT"]
[Date "2016.12.26"]
[Round "5.47"]
[White "Potapov, Pavel"]
[Black "Neelotpal, Das"]
[Result "0-1"]
[WhiteTitle "GM"]
[BlackTitle "GM"]
[WhiteElo "2493"]
[BlackElo "2463"]
[WhiteFideId "4169786"]
[BlackFideId "5003512"]
[EventDate "2016.12.26"]

1. e4 e5 2. Nf3 Nc6 3. Bc4 Bc5 4. d3 Nf6 5. O-O O-O 6. c3 d6 7. h3 h6 8. a4 a6
9. Bb3 Re8 10. Nbd2 Be6 11. Nc4 Ba7 12. a5 Ne7 13. Be3 Ng6 14. Re1 Qc8 15. Kh2
Bxe3 16. Nxe3 c6 17. Bxe6 Qxe6 18. Qa4 Rad8 19. Qb4 Rd7 20. Nc4 d5 21. Nb6 Rde7
22. Rad1 Rd8 23. g3 Nh5 24. Qc5 Nhf4 25. Ng1 Nh5 26. exd5 cxd5 27. f4 Ree8 28.
fxe5 Nxe5 29. d4 Qg6 30. dxe5 Qxg3+ 31. Kh1 Nf4 32. Re2 Nxe2 33. Nxe2 Qf3+ 0-1

[Event "Mondiale Semilampo 2016"]
[Site "Doha QAT"]
[Date "2016.12.26"]
[Round "5.48"]
[White "Al-Sayed, Mohammed"]
[Black "Gashimov, Sarkhan"]
[Result "0-1"]
[WhiteTitle "GM"]
[WhiteElo "2508"]
[BlackElo "2351"]
[WhiteFideId "12100196"]
[BlackFideId "13400657"]
[EventDate "2016.12.26"]

1. d4 Nf6 2. c4 e6 3. Nf3 b6 4. g3 Ba6 5. b3 d5 6. Bg2 c6 7. O-O Nbd7 8. Qc2 Rc8
9. Rd1 c5 10. cxd5 cxd4 11. Qb2 e5 12. e3 d3 13. Nxe5 Rc2 14. Qd4 Bc5 15. Qa4
O-O 16. Nc6 Qc8 17. Ba3 Re8 18. b4 Bxe3 19. fxe3 Rxg2+ 20. Kxg2 Nxd5 21. Rc1
Nxe3+ 22. Kg1 Nc5 23. Nxa7 Nxa4 24. Nxc8 Bxc8 25. Re1 Re6 26. Nd2 Nc2 27. Rxe6
Bxe6 28. Rc1 Nxa3 29. Rc7 h6 30. Kf2 Nc2 31. a3 Nxa3 32. Ke3 Nc2+ 33. Kxd3 Nxb4+
34. Ke2 b5 35. Ne4 Nd5 36. Rb7 b4 37. Kd3 Bf5 38. Kd4 Bxe4 39. Rb8+ Kh7 40. Kxe4
Ndb6 41. Kd3 b3 42. Kd2 Nc4+ 43. Kd3 Ncb6 44. Kd2 b2 45. Kc2 Nc4 46. Rb3 b1=Q+ 0-1

[Event "Mondiale Semilampo 2016"]
[Site "Doha QAT"]
[Date "2016.12.26"]
[Round "5.49"]
[White "Kayumov, Sergey"]
[Black "Hirneise, Jens"]
[Result "1/2-1/2"]
[WhiteTitle "GM"]
[BlackTitle "FM"]
[WhiteElo "2505"]
[BlackElo "2315"]
[WhiteFideId "14200880"]
[BlackFideId "24614734"]
[EventDate "2016.12.26"]

1. Nf3 Nf6 2. b3 g6 3. Bb2 Bg7 4. g3 c5 5. Bg2 Nc6 6. O-O d6 7. d4 cxd4 8. Nxd4
d5 9. Nxc6 bxc6 10. Be5 O-O 11. c4 a5 12. Nc3 e6 13. Na4 Ba6 14. Qc2 Qe7 15. Qc3
Rfd8 16. Rfd1 c5 17. Rd2 Bb7 18. Nxc5 Qxc5 19. Bxf6 d4 20. Rxd4 Qxd4 21. Qxd4
Rxd4 22. Bxd4 Bxd4 23. Bxb7 Bxa1 24. Bxa8 Bd4 25. e3 Bc5 26. Kf1 Kf8 27. Ke2 Ke7
28. Kd3 Kd6 29. Kc2 Bb4 30. Kb2 Be1 31. f3 Bd2 32. Ka3 Kc5 33. Ka4 Be1 34. e4 e5
35. Bd5 f6 36. Bg8 h6 37. Bf7 g5 38. Bh5 Bd2 39. Bg4 Be1 40. Be6 Bd2 41. Bd5 Be1
42. Ba8 Bd2 43. Bb7 Be1 44. Bc8 Bd2 45. Bg4 Be1 46. Ka3 Bc3 47. Bh5 Kd4 48. Bf7
Kc5 49. Be6 Kd4 50. Bg4 Kc5 51. Bh3 Kd4 52. Bc8 Kc5 53. Be6 Kd4 54. Ka4 Kc5 55.
Bg4 Bd2 56. Bh5 Be1 57. Bf7 Bd2 58. Ka3 Bc1+ 59. Ka4 Bd2 60. Bg8 Be1 61. Bf7 Bd2
62. Be6 Be1 63. Ka3 Bc3 64. Ka4 Bd2 65. Bh3 Be1 66. Bf1 Bd2 67. a3 Be1 68. Be2
Bd2 69. Bf1 Be1 70. Bh3 Bd2 71. Bc8 Be1 72. Be6 Bd2 73. Bf7 Be1 74. Bg8 Bd2 75.
Bh7 Be1 76. Bg6 Bd2 77. Bh5 Be1 78. Bg4 Bd2 79. Be6 Be1 80. Bf7 Bd2 81. Bg8 Be1
82. Bd5 Bd2 83. Be6 Be1 84. Bc8 Bd2 85. Ba6 Be1 86. Bb5 Bd2 87. Be8 Be1 88. Bf7
Bd2 89. Bg6 Be1 90. Bh5 Bd2 91. Bg4 Be1 92. Bh3 1/2-1/2

[Event "Mondiale Semilampo 2016"]
[Site "Doha QAT"]
[Date "2016.12.26"]
[Round "5.50"]
[White "Shytaj, Luca"]
[Black "Christiansen, Johan-Sebastian"]
[Result "1-0"]
[WhiteTitle "IM"]
[BlackTitle "IM"]
[WhiteElo "2435"]
[BlackElo "2429"]
[WhiteFideId "812633"]
[BlackFideId "1512668"]
[EventDate "2016.12.26"]

1. e4 e6 2. d4 d5 3. Nd2 c5 4. exd5 Qxd5 5. Ngf3 cxd4 6. Bc4 Qd6 7. O-O Nf6 8.
Nb3 Nc6 9. Nbxd4 Nxd4 10. Qxd4 Qxd4 11. Nxd4 Bc5 12. c3 Bd7 13. Bf4 O-O 14. Rfd1
Rac8 15. Be2 Nd5 16. Bg3 Rfd8 17. Bf3 Be8 18. Rd2 Bb6 19. Rad1 Ba4 20. Nb3 Bc6
21. c4 Ne7 22. c5 Bxf3 23. gxf3 Rxd2 24. Rxd2 Bd8 25. Rd7 b6 26. Rxa7 bxc5 27.
Rd7 c4 28. Nd2 c3 29. bxc3 Nf5 30. c4 Kf8 31. Rb7 Ke8 32. Rb8 Rc6 33. Be5 Ke7
34. Rb7+ Ke8 35. Ra7 f6 36. Bc3 Bb6 37. Ra8+ Kf7 38. a4 Rd6 39. a5 Bc5 40. Kf1
Rd3 41. Ne4 Rxf3 42. Ke2 Rf4 43. Nxc5 Rxc4 44. a6 Rxc3 45. a7 Ra3 46. Nxe6 Kxe6
47. Re8+ Kf7 48. a8=Q Nd4+ 49. Kf1 Rxa8 50. Rxa8 Kg6 51. Kg2 Nc6 52. h3 h5 53.
Kg3 Kg5 54. Ra4 Ne7 55. Ra5+ Kh6 56. f4 Kg6 57. Kf3 Nf5 58. Ra1 Nd6 59. Rd1 Nf5
60. Ke4 Ng3+ 61. Kf3 Nf5 62. Rg1+ Kh6 63. Ke4 Nd6+ 64. Kd5 Nf5 65. Ke6 Nd4+ 66.
Kf7 Nf5 67. Rd1 Kh7 68. Rd5 Nh6+ 69. Ke6 Kg6 70. Rd1 Kh7 71. Rg1 Kh8 72. Rc1 Kh7
73. Rb1 Kg6 74. Ra1 Kh7 75. f5 Ng8 76. Ra4 Kh6 77. Kf7 Kh7 78. Rh4 Nh6+ 79. Ke6
g6 80. Kxf6 Nxf5 81. Ra4 Kh6 82. Ra8 Kh7 83. Kg5 Ng3 84. Ra7+ Kg8 85. Kxg6 Kf8
86. Kg5 Kg8 87. Kh4 Ne4 88. Kxh5 Nc5 89. Kg6 Kf8 90. h4 Ne6 91. h5 Nf4+ 92. Kg5
Nh3+ 93. Kf6 Kg8 94. Kf5 Kf8 95. Ra2 Kg7 96. Kg4 Ng1 97. Kg3 Kh6 98. Kg2 1-0

[Event "Mondiale Semilampo 2016"]
[Site "Doha QAT"]
[Date "2016.12.26"]
[Round "5.51"]
[White "Quintiliano Pinto, Renato R."]
[Black "Firouzja, Alireza"]
[Result "0-1"]
[WhiteTitle "IM"]
[BlackTitle "IM"]
[WhiteElo "2484"]
[BlackElo "2456"]
[WhiteFideId "2117568"]
[BlackFideId "12573981"]
[EventDate "2016.12.26"]

1. d4 Nf6 2. Nf3 g6 3. Bf4 d6 4. h3 Bg7 5. e3 O-O 6. Be2 Nbd7 7. O-O c6 8. c4 a6
9. Nc3 b5 10. a3 Nb6 11. cxb5 axb5 12. e4 Na4 13. Nxa4 Rxa4 14. Bd3 e5 15. dxe5
Nxe4 16. Bc2 Nc3 17. Bg5 Nxd1 18. Bxd8 Rxd8 19. Bxa4 Nxb2 20. Bb3 Nd3 21. Rad1
Nxe5 22. Nxe5 Bxe5 23. Rfe1 Bf6 24. a4 b4 25. Re4 c5 26. Bd5 Ba6 27. Rde1 Kf8
28. Bc6 Be5 29. Bd5 Rb8 30. Bc4 Bxc4 31. Rxc4 b3 32. a5 b2 33. Rb1 Bd4 34. a6 d5
35. a7 Ra8 36. Rxd4 cxd4 37. Rxb2 Rxa7 38. Rb5 Ke7 39. Rxd5 Rd7 40. Ra5 Kd6 41.
Kf1 Re7 42. g4 Re5 43. Ra7 d3 44. Ra3 d2 45. Rd3+ Rd5 46. Rxd5+ Kxd5 47. Ke2 Ke4
48. Kxd2 Kf3 49. Ke1 Kg2 50. Ke2 Kxh3 51. Kf3 g5 0-1

[Event "Mondiale Semilampo 2016"]
[Site "Doha QAT"]
[Date "2016.12.26"]
[Round "5.52"]
[White "Zhang, Zhong"]
[Black "khayat, Abdullah F"]
[Result "1-0"]
[WhiteTitle "GM"]
[WhiteElo "2645"]
[BlackElo "1732"]
[WhiteFideId "8600694"]
[BlackFideId "21500460"]
[EventDate "2016.12.26"]

1. e4 c6 2. d4 d5 3. e5 Bf5 4. Nf3 e6 5. Be2 h6 6. O-O Nd7 7. Nbd2 b5 8. a4 a6
9. Nb3 Ne7 10. Bd2 Ng6 11. Ne1 Ne7 12. Bb4 Bh7 13. Nd3 Ng6 14. Bxf8 Ngxf8 15.
Nb4 Qc7 16. axb5 a5 17. Nxc6 a4 18. Qd2 Nb6 19. Nc5 Nfd7 20. Nxd7 Nxd7 21. Qb4
Nb6 22. Rfc1 f5 23. c4 Kf7 24. cxd5 Nxd5 25. Qc5 Rhc8 26. Bc4 Nb6 27. d5 exd5
28. Bxd5+ Nxd5 29. Qxd5+ Kg6 30. e6 Bg8 31. Ne5+ 1-0